000 00431nam a2200181 4500
001 17609
005 20201125173658.0
007 tu
008 140320s1969||||||| ger
100 1 _aWinkler, Joachim
245 0 4 _aDie Novemberrevolution 1918 in Frankfurt (Oder)
264 _c1969/ 1970
300 _a66 S. : Anhang
365 _c
546 _adeutsch
650 0 4 _aArbeiterklasse
650 0 4 _aFrankfurt (Oder)
999 _c77941
_d77941